| 000 | 00577nam a2200205 a 4500 | ||
|---|---|---|---|
| 005 | 20210219152842.0 | ||
| 008 | 991125n 000 0 eng u | ||
| 035 | _aUPN01000063097 | ||
| 100 | _aProulx, Jacques | ||
| 222 | _aCONVERGENCE | ||
| 245 | _aAdult education and democracy : Popular education, a tool for maintaining and developing democracy | ||
| 300 | _a34-42 | ||
| 362 | _a1993 26, No. 1 | ||
| 505 | _aSeptiembre 1993 | ||
| 653 | 0 | _aCULTURA POPULAR | |
| 653 | 0 | _aDEMOCRACIA | |
| 653 | 0 | _aDESARROLLO INDIVIDUAL | |
| 904 |
_aAC _b000908 |
||
| 905 | _aArticulo | ||
| 999 |
_c61987 _d61987 |
||